Nsukka, Nigeria (Record no. 38408)

MARC details
000 -LEADER
fixed length control field 00545nam a2200157Ia 4500
022 ## - INTERNATIONAL STANDARD SERIAL NUMBER
ISSN JQ 3096 .J68/
050 ## - CALL MARK
Classification number Journal of good governance in Africa
245 #0 - TITLE STATEMENT
Title Nsukka, Nigeria
260 ## - PUBLICATION, DISTRIBUTION, ETC. (IMPRINT)
Place of publication Institute of african studies university of Nigeria
260 ## - PUBLICATION, DISTRIBUTION, ETC. (IMPRINT)
Name of publisher 2011
260 ## - PUBLICATION, DISTRIBUTION, ETC. (IMPRINT)
Year of publication iv, 354 p. 24 cm.
300 ## - PHYSICAL DESCRIPTION
Number of Pages Politics and government Nigeria--Politics and government--Periodicals. Africa--Politics and government--Periodicals. Africa. Nigeria.
650 ## - SUBJECT ADDED ENTRY--TOPICAL TERM
Topical Term SR

No items available.